000 01181nas a2200301 4500
001 BR8301076
003 BR-BrBNA
005 20231205085445.0
007 ta
008 230509b bl.|||p| |||| 00| 00por d
040 _aBR-BrBNA
_bpor
_cBiblioteca Nacional de Agricultura
041 _a(Pt)
072 _aL10
100 1 _aGomes, S.Z.
100 1 _aTorres, C.A.A.
100 1 _aCosta, P.M.A.
100 1 _aSilva, M. de A. e
245 1 _aEfeito da inseminacao artificial com semen diluido (diluente Kiew)resfriado e semen congelado pelo metodo Hilsen-Berg/Hannover sobre a eficiencia reprodutiva de porcas
_bParte de tese
246 1 _a[Effect of artificial insemination with frozen diluted semen (Kiew diluent)and frozen semen using the Hilsen-Berg/Hannover method on the reproductive efficiency of sows]
_b[Part of thesis]
650 _aSUÍNO
650 _aINSEMINACAO ARTIFICIAL
650 _aEFICIENCIA REPRODUTIVA
650 _aSEMEN
650 _aRESFRIAMENTO
773 0 _tRevista da Sociedade Brasileira de Zootecnia (Brazil)
_xISSN 0100-4859
_g(1982), v. 11(3) p. 360-374
_wBR8301076
909 _a202311
_bLúcia
_c55
_dLúcia Elande
942 _2AGRIS
_n0
_cANA
999 _c111554
_d111554